| 000 | 00364nam a2200133Ia 4500 | ||
|---|---|---|---|
| 008 | 151021s9999 xx 000 0 und d | ||
| 020 | _a9966280030 | ||
| 050 | _aHF 5726.S58 1997 | ||
| 245 | _a_Model Business Letters Simplified | ||
| 260 | _aKenya N.a. Saleemi 1997 | ||
| 300 | _a396p. | ||
| 650 | _a_ Business Letters | ||
| 980 | _a^d20110121 11:59:04^okilerai | ||
| 999 |
_c6341 _d6341 |
||